000 00472cam a2200193ua 4500
001 8941
008 150218n ii |||gr||||Z||||||asm
020 _a8173393257
040 _cMAIN
041 _aasm
082 _a891.4513
100 _aGoswami, D. C.,
_eAuthor.
245 1 _aSanchi pator binoni
_cBy D. C. Goswami
250 _a1st.
260 _aDibrugarh:
_bBanalata,
_c2001.
300 _a152p.
653 _aEast Indo-European & Celtic literatures
942 _cBK
999 _c8035
_d8035